Ritual de la iniciación cristiana de adultos

Saved in:
Bibliografiske detaljer
Institution som forfatter: Conferencia del Episcopado Mexicano (Author)
Format: Bog
Sprog:spansk
Udgivet: Ciudad de México Conferencia del Episcopado Mexicano 2012
Udgivelse:2a. ed
Fag:
Tags: Tilføj Tag
Ingen Tags, Vær først til at tagge denne postø!

MARC

LEADER 00000cam a2200000 a 4500
001 UCD4870
003 CL-VaPUC
008 160722e20121200mx |||||||||||||||||spa|d
020 |a 9687693096 
082 0 4 |a 265.13  |b CON  |2 21 
110 2 |a Conferencia del Episcopado Mexicano  |e author  |9 588558 
245 1 0 |a Ritual de la iniciación cristiana de adultos 
250 |a 2a. ed 
300 |a 345 p 
942 |c BK 
945 |d 20160722 23:21:00  |a arojas 
260 |a Ciudad de México  |b Conferencia del Episcopado Mexicano  |c 2012 
650 0 |a Cristianismo  |9 257361 
650 7 |a SACRAMANTOS  |2 CL-VaPUC  |9 400027 
650 0 |a Fe cristiana  |9 527676 
583 |a last modification  |c 20170426 02:12:41  |k Rodrigo Vera 
999 |c 365663  |d 365661 
952 |0 0  |1 0  |3 erd  |4 0  |6 265_130000000000000_CON_2012  |7 0  |8 X  |9 479575  |a BIBTEO  |b BIBTEO  |i 5298733  |o 265.13 CON 2012  |p 5298733  |r 2025-01-17  |w 2019-11-24  |y BK_X  |z Catalogado en:20160722  |k ICR